[Event "SUI-chT"]
[Site "Switzerland"]
[Date "2024.05.26"]
[Round "4.4"]
[White "Schaerer, Julian"]
[Black "Maeser, Fabian"]
[Result "1/2-1/2"]
[WhiteElo "2311"]
[BlackElo "2274"]
[PlyCount "62"]
[EventDate "2024.03.10"]
[EventType "team-tourn"]
[EventRounds "9"]
[EventCountry "SUI"]
[SourceTitle "EXT 2025"]
[Source "ChessBase"]
[SourceDate "2024.10.14"]
[SourceVersion "1"]
[SourceVersionDate "2024.10.14"]
[SourceQuality "1"]
[WhiteTeam "Winterthur"]
[BlackTeam "Wollishofen"]
[WhiteTeamCountry "SUI"]
[BlackTeamCountry "SUI"]

1. d4 d5 2. Bf4 Nf6 3. e3 c5 4. Nf3 cxd4 5. exd4 Nc6 6. c3 g6 7. Nbd2 Bg7 8. h3 0-0 9. Bd3 a6 10. a4 Bd7 11. Qb1 Qc8 12. a5 Bf5 13. 0-0 Bxd3 14. Qxd3 Qf5 15. Qe3 Rfe8 16. Rfe1 Rac8 17. Bh2 h6 18. Ne5 Nxe5 19. Bxe5 Rc6 20. Nf3 Nd7 21. Bxg7 Kxg7 22. Qd2 Re6 23. Rxe6 Qxe6 24. Ne1 Qf6 25. Nd3 e5 26. dxe5 Nxe5 27. Nxe5 Rxe5 28. Re1 Rxe1+ 29. Qxe1 d4 30. cxd4 Qxd4 31. b4 h5 1/2-1/2

[Event "SUI-chT"]
[Site "Switzerland"]
[Date "2024.04.14"]
[Round "2.3"]
[White "Schaerer, Julian"]
[Black "Hommeles, Theo"]
[Result "0-1"]
[WhiteElo "2311"]
[BlackElo "2379"]
[PlyCount "110"]
[EventDate "2024.03.10"]
[EventType "team-tourn"]
[EventRounds "9"]
[EventCountry "SUI"]
[SourceTitle "CBM 220 Extra"]
[Source "ChessBase"]
[SourceDate "2024.07.31"]
[SourceVersion "1"]
[SourceVersionDate "2024.07.31"]
[SourceQuality "1"]
[WhiteTeam "Winterthur"]
[BlackTeam "Bodan"]
[WhiteTeamCountry "SUI"]
[BlackTeamCountry "SUI"]

1. d4 d5 2. Bf4 Nf6 3. e3 a6 4. Nd2 c5 5. Ngf3 Nc6 6. c3 e6 7. Bd3 Bd6 8. Bg3 Qe7 9. Ne5 Bxe5 10. dxe5 Nd7 11. f4 c4 12. Bc2 b5 13. Nf3 Bb7 14. Bh4 f6 15. Nd4 0-0 16. 0-0 Qe8 17. Qg4 f5 18. Qe2 Nc5 19. g4 Nxd4 20. exd4 Ne4 21. gxf5 Rxf5 22. Qg4 Bc6 23. a3 Ra7 24. Bxe4 dxe4 25. Kf2 e3+ 26. Kxe3 Qd7 27. Kd2 a5 28. Qe2 Qd5 29. Rf2 Rb7 30. Qe3 h6 31. Kc2 b4 32. axb4 axb4 33. Re2 Kh7 34. cxb4 Rxb4 35. Ra3 Rf7 36. Kc1 Rfb7 37. Be1 Qh1 38. Kb1 Bd5 39. Qc3 Be4+ 40. Ka2 Rb3 41. Qxc4 Rxb2+ 42. Rxb2 Bd5 43. Qxd5 Qxd5+ 44. Rbb3 Qg2+ 45. Ka1 Rxb3 46. Rxb3 Qg1 47. Rb1 Qxd4+ 48. Ka2 Qc4+ 49. Ka1 Qa6+ 50. Kb2 Qe2+ 51. Kc3 Qxh2 52. Bd2 h5 53. Be3 h4 54. Kd3 h3 55. Rg1 Qa2 0-1

[Event "Verbandsliga Suedbaden 2324"]
[Site "Baden"]
[Date "2024.01.21"]
[Round "5.2"]
[White "Grandadam, Nicolas"]
[Black "Schaerer, Julian"]
[Result "1-0"]
[WhiteElo "2265"]
[BlackElo "2304"]
[PlyCount "111"]
[EventDate "2023.09.24"]
[EventType "team-tourn"]
[EventRounds "9"]
[EventCountry "GER"]
[SourceTitle "EXT 2025"]
[Source "ChessBase"]
[SourceDate "2024.10.14"]
[SourceVersion "1"]
[SourceVersionDate "2024.10.14"]
[SourceQuality "1"]
[WhiteTeam "Dreilaendereck"]
[BlackTeam "Gottmadingen"]
[WhiteTeamCountry "GER"]
[BlackTeamCountry "GER"]

1. b3 d5 2. Bb2 c6 3. e3 Nf6 4. Nf3 Bg4 5. h3 Bxf3 6. Qxf3 Nbd7 7. d4 e6 8. Bd3 Qa5+ 9. Bc3 Bb4 10. Bxb4 Qxb4+ 11. c3 Qd6 12. 0-0 e5 13. Qg3 0-0 14. Nd2 Qe6 15. Rae1 Rfe8 16. f4 exd4 17. exd4 Qd6 18. b4 a5 19. a3 Rad8 20. Qf3 Qf8 21. g4 Rxe1 22. Rxe1 Re8 23. Re2 Re7 24. Kf2 axb4 25. axb4 Ne8 26. Rxe7 Qxe7 27. Qe3 Qd8 28. Nf3 Nd6 29. g5 Nf8 30. f5 f6 31. h4 Nf7 32. c4 h6 33. g6 Nd6 34. c5 Nc8 35. Ng1 b6 36. Ne2 bxc5 37. dxc5 Kh8 38. Nd4 Na7 39. Kg2 Nd7 40. Qe6 Ne5 41. Ba6 Qb8 42. Qd6 Qxd6 43. cxd6 Kg8 44. Ne6 Nd7 45. Kf2 Nb8 46. Bb7 Nb5 47. d7 Nxd7 48. Bxc6 Nd6 49. Bxd7 Nxf5 50. b5 Nd6 51. b6 Kh8 52. Bc6 Kg8 53. Bxd5 Kh8 54. Ke3 Kg8 55. Kd4 Kh8 56. Kc5 1-0

[Event "SUI-chT"]
[Site "Switzerland"]
[Date "2023.10.15"]
[Round "9.5"]
[White "Schaerer, Julian"]
[Black "Renet, Olivier"]
[Result "1/2-1/2"]
[WhiteElo "2311"]
[BlackElo "2444"]
[PlyCount "56"]
[EventDate "2023.04.16"]
[EventType "team-tourn"]
[EventRounds "9"]
[EventCountry "SUI"]
[SourceTitle "EXT 2025"]
[Source "ChessBase"]
[SourceDate "2024.10.14"]
[SourceVersion "1"]
[SourceVersionDate "2024.10.14"]
[SourceQuality "1"]
[WhiteTeam "Winterthur"]
[BlackTeam "Riehen"]
[WhiteTeamCountry "SUI"]
[BlackTeamCountry "SUI"]

1. d4 Nf6 2. Nf3 d5 3. Bf4 Bf5 4. c3 c6 5. Nbd2 Qb6 6. Qb3 Nbd7 7. h3 h6 8. e3 e6 9. a4 a5 10. Be2 Be7 11. 0-0 0-0 12. Qxb6 Nxb6 13. Bc7 Nfd7 14. Rfc1 Rfc8 15. Bh2 Nf6 16. Bf4 Nbd7 17. Ne5 Nxe5 18. Bxe5 Nd7 19. Bf4 f6 20. Bg3 Kf7 21. Re1 Bc2 22. Rec1 Bg6 23. h4 Bf5 24. h5 Bh7 25. Nf3 Nb6 26. Nd2 Nd7 27. Nf3 Nb6 28. Nd2 Nd7 1/2-1/2

[Event "Verbandsliga Suedbaden 2223"]
[Site "Germany"]
[Date "2023.03.05"]
[Round "7.2"]
[White "Schaerer, Julian"]
[Black "Roos, Jean Luc"]
[Result "1-0"]
[WhiteElo "2298"]
[BlackElo "2195"]
[PlyCount "167"]
[EventDate "2022.09.25"]
[EventType "team-tourn"]
[EventRounds "9"]
[EventCountry "GER"]
[SourceTitle "EXT 2024"]
[Source "ChessBase"]
[SourceDate "2023.10.10"]
[SourceVersion "1"]
[SourceVersionDate "2023.10.10"]
[SourceQuality "1"]
[WhiteTeam "Gottmadingen"]
[BlackTeam "Kuppenheim"]
[WhiteTeamCountry "GER"]
[BlackTeamCountry "GER"]

1. d4 d5 2. Bf4 c5 3. e3 Nc6 4. Nf3 cxd4 5. exd4 Bf5 6. c3 Nf6 7. Nbd2 e6 8. Be2 Bd6 9. Bxd6 Qxd6 10. Nh4 Be4 11. 0-0 0-0 12. f3 Bg6 13. Nxg6 fxg6 14. f4 Rab8 15. a4 a6 16. Bd3 Ne7 17. Qe2 Ne8 18. g3 Nc7 19. Nf3 Nc6 20. h4 Nd8 21. Qc2 b5 22. axb5 axb5 23. h5 b4 24. hxg6 h6 25. Kg2 Nc6 26. Qd2 Rb6 27. Rf2 Rfb8 28. Re2 Qf8 29. Qe3 bxc3 30. bxc3 Rb3 31. Rc2 Qd6 32. Nd2 R3b7 33. Qe1 Qd8 34. Nf3 Qd6 35. Nd2 Qd8 36. Qc1 Qd6 37. Raa2 Ne7 38. Rcb2 Qc6 39. Rxb7 Qxb7 40. Qa3 Nc6 41. Qd6 Rd8 42. Qc5 Rb8 43. Kh3 Qb6 44. Qxb6 Rxb6 45. g4 Kf8 46. Kh4 Ke7 47. g5 hxg5+ 48. Kxg5 Rb8 49. f5 exf5 50. Bxf5 Kd6 51. Rc2 Ne7 52. Nf3 Nxf5 53. Kxf5 Rf8+ 54. Kg4 Ne6 55. Ra2 Rc8 56. Ra3 Nc7 57. Rb3 Ne8 58. Ne5 Ke7 59. Nd3 Rc6 60. Nf4 Kd6 61. Kf5 Nc7 62. Nd3 Ke7 63. Ne5 Rf6+ 64. Kg4 Rf8 65. Rb7 Rc8 66. Nc6+ Kd6 67. Nb4 Rf8 68. Rb6+ Kd7 69. Nd3 Rf1 70. Ne5+ Kc8 71. Rc6 Kb7 72. Rc5 Rf6 73. Ra5 Rd6 74. Ra1 Nb5 75. Rb1 Ka6 76. Rb3 Ka5 77. Kg5 Ka4 78. Rb4+ Ka5 79. Kh5 Rb6 80. Nd7 Re6 81. Ra4+ Kxa4 82. Nc5+ Ka3 83. Nxe6 Nxc3 84. Nxg7 1-0

[Event "SUI-chT"]
[Site "Switzerland"]
[Date "2022.11.12"]
[Round "8.5"]
[White "Valles, Manuel"]
[Black "Schaerer, Julian"]
[Result "0-1"]
[WhiteElo "2356"]
[BlackElo "2296"]
[PlyCount "84"]
[EventDate "2022.05.01"]
[EventType "team-tourn"]
[EventRounds "9"]
[EventCountry "SUI"]
[SourceTitle "EXT 2024"]
[Source "ChessBase"]
[SourceDate "2023.10.10"]
[SourceVersion "1"]
[SourceVersionDate "2023.10.10"]
[SourceQuality "1"]
[WhiteTeam "Echallens"]
[BlackTeam "Winterthur"]
[WhiteTeamCountry "SUI"]
[BlackTeamCountry "SUI"]

1. d4 d5 2. c4 c6 3. Nc3 Nf6 4. e3 g6 5. Nf3 Bg7 6. cxd5 cxd5 7. Bb5+ Bd7 8. Qb3 Bxb5 9. Qxb5+ Qd7 10. Ne5 Qxb5 11. Nxb5 Na6 12. Bd2 Ne4 13. f3 Nd6 14. Nxd6+ exd6 15. Nd3 Kd7 16. Kf2 Rac8 17. Bc3 h5 18. a4 Rhe8 19. Rac1 Bh6 20. Rhe1 Rc4 21. Ra1 b6 22. Re2 Bg5 23. g3 Re6 24. Be1 Bxe3+ 25. Kf1 Bxd4 26. Rxe6 fxe6 27. a5 b5 28. Nf4 Rc2 29. h4 Nc5 30. g4 Rxb2 31. Rd1 Be3 32. Nxg6 hxg4 33. fxg4 Ne4 34. h5 d4 35. Nh4 b4 36. Nf3 e5 37. Bh4 Bf2 38. Ng5 Bxh4 39. Nxe4 d5 40. Nc5+ Kd6 41. Rc1 e4 42. h6 Bg5 0-1

[Event "SUI-chT"]
[Site "Switzerland"]
[Date "2022.09.17"]
[Round "6.7"]
[White "Schaerer, Julian"]
[Black "Weindl, Alfred"]
[Result "0-1"]
[WhiteElo "2296"]
[BlackElo "2307"]
[PlyCount "124"]
[EventDate "2022.05.01"]
[EventType "team-tourn"]
[EventRounds "9"]
[EventCountry "SUI"]
[SourceTitle "EXT 2023"]
[Source "ChessBase"]
[SourceDate "2022.10.05"]
[SourceVersion "1"]
[SourceVersionDate "2022.10.05"]
[SourceQuality "1"]
[WhiteTeam "Winterthur"]
[BlackTeam "Luzern"]
[WhiteTeamCountry "SUI"]
[BlackTeamCountry "SUI"]

1. d4 Nf6 2. Nf3 g6 3. Bg5 Bg7 4. Nbd2 0-0 5. c3 d6 6. e4 Nbd7 7. Be2 e5 8. dxe5 dxe5 9. 0-0 Qe8 10. Re1 Nc5 11. Qc2 Ne6 12. Bh4 Nd7 13. Nc4 f6 14. Bf1 Nb6 15. Ne3 Kh8 16. Rad1 Bd7 17. Bg3 Rd8 18. c4 Nc8 19. c5 Ne7 20. Qc4 Nc6 21. Nd5 Qf7 22. b4 a6 23. Qc1 Ncd4 24. Nxd4 Nxd4 25. Bc4 Be6 26. f3 c6 27. Nb6 Bxc4 28. Nxc4 Bh6 29. Nd6 Rxd6 30. Qxh6 Rd7 31. Bf2 Rfd8 32. Bxd4 Rxd4 33. Rxd4 Rxd4 34. a3 Kg8 35. f4 Qe6 36. fxe5 Qxe5 37. Qh3 f5 38. Qb3+ Kg7 39. Qc3 fxe4 40. h3 Rd5 41. Qxe5+ Rxe5 42. Kf2 Kf6 43. Ke3 Rd5 44. Rf1+ Ke5 45. Rf7 Rd3+ 46. Ke2 Rxa3 47. Rxh7 Ra2+ 48. Ke3 Rxg2 49. Re7+ Kd5 50. Rd7+ Kc4 51. Rxb7 Rb2 52. Rb6 Kd5 53. Rb7 Rb3+ 54. Kf4 Rxh3 55. Rd7+ Kc4 56. Rc7 e3 57. Rxc6 e2 58. Re6 Kd3 59. c6 Kd2 60. c7 Rc3 61. Rd6+ Ke1 62. Rd5 Rxc7 0-1

[Event "Verbandsliga Suedbaden 1920"]
[Site "Baden"]
[Date "2020.02.16"]
[Round "6.1"]
[White "Schaerer, Julian"]
[Black "Chernykh, Arkady"]
[Result "1-0"]
[WhiteElo "2265"]
[BlackElo "2119"]
[PlyCount "131"]
[EventDate "2019.09.29"]
[EventType "team-tourn"]
[EventRounds "9"]
[EventCountry "GER"]
[SourceTitle "EXT 2021"]
[Source "ChessBase"]
[SourceDate "2020.10.23"]
[SourceVersion "1"]
[SourceVersionDate "2020.10.23"]
[SourceQuality "1"]
[WhiteTeam "Gottmadingen"]
[BlackTeam "Baden-Baden V"]
[WhiteTeamCountry "GER"]
[BlackTeamCountry "GER"]

1. d4 Nf6 2. Nf3 g6 3. Bg5 Bg7 4. Nbd2 c5 5. e3 Nc6 6. Bxf6 Bxf6 7. Ne4 d6 8. Nxf6+ exf6 9. c3 0-0 10. Be2 b6 11. 0-0 Bb7 12. Qa4 Ne7 13. Nd2 g5 14. Bf3 Bxf3 15. Nxf3 Qc7 16. Rad1 Rad8 17. Qc2 Qc8 18. Rd2 Ng6 19. a4 g4 20. Ne1 f5 21. g3 Qe6 22. Ng2 Qe4 23. Qd1 Rde8 24. f3 Qe6 25. Rdf2 Qc8 26. Qb3 Qe6 27. Qd1 Qc8 28. Qd3 c4 29. Qc2 d5 30. fxg4 fxg4 31. Rf5 Qe6 32. Rf6 Qd7 33. Qf5 Qxf5 34. R6xf5 Rd8 35. Rg5 f6 36. Rxg4 b5 37. Nf4 Rb8 38. Nxg6 hxg6 39. Rxg6+ Kh8 40. Rf5 Rf7 41. Rh5+ Rh7 42. Rxd5 bxa4 43. Rc5 a3 44. bxa3 Rb1+ 45. Kg2 Rb2+ 46. Kf3 Rhxh2 47. Rg4 Rbc2 48. Rc8+ Kh7 49. Rc7+ Kh6 50. Rh4+ Rxh4 51. gxh4 Rxc3 52. Rxa7 Kh5 53. Rh7+ Kg6 54. Rc7 Kh5 55. Kf4 Rc1 56. d5 c3 57. Kf5 Kxh4 58. Kxf6 c2 59. Ke6 Re1 60. Rxc2 Rxe3+ 61. Kd7 Rxa3 62. Rg2 Kh5 63. d6 Rc3 64. Kd8 Rc4 65. d7 Rc1 66. Re2 1-0

[Event "Verbandsliga Suedbaden 1920"]
[Site "Baden"]
[Date "2019.09.29"]
[Round "1.1"]
[White "Milanovic, Slavisa"]
[Black "Schaerer, Julian"]
[Result "0-1"]
[WhiteElo "2362"]
[BlackElo "2265"]
[PlyCount "172"]
[EventDate "2019.09.29"]
[EventType "team-tourn"]
[EventRounds "9"]
[EventCountry "GER"]
[SourceTitle "EXT 2021"]
[Source "ChessBase"]
[SourceDate "2020.10.23"]
[SourceVersion "1"]
[SourceVersionDate "2020.10.23"]
[SourceQuality "1"]
[WhiteTeam "Dreisamtal"]
[BlackTeam "Gottmadingen"]
[WhiteTeamCountry "GER"]
[BlackTeamCountry "GER"]

1. c4 c6 2. Nf3 d5 3. d4 Nf6 4. e3 g6 5. Bd3 Bg7 6. 0-0 0-0 7. Nbd2 Bg4 8. Qb3 Qb6 9. Ne5 Be6 10. Qa3 Re8 11. Ndf3 dxc4 12. Nxc4 Bxc4 13. Bxc4 e6 14. Bd2 Bf8 15. Qd3 Bb4 16. Bxb4 Qxb4 17. Ne5 Nbd7 18. f4 Rad8 19. a3 Qe7 20. b4 Rf8 21. Rab1 Kg7 22. a4 Nb6 23. Bb3 a6 24. Bc2 Nbd5 25. Qd2 Nd7 26. Nxd7 Rxd7 27. e4 Nf6 28. f5 e5 29. fxg6 Rxd4 30. Qg5 fxg6 31. Rf5 h6 32. Qg3 Nd7 33. Rbf1 Rf6 34. h4 Kh7 35. R5f2 Rxb4 36. h5 gxh5 37. Qh4 Kg7 38. Bd1 Rd4 39. Bxh5 Rdd6 40. Bg4 Nf8 41. Bf5 Ne6 42. Bxe6 Rdxe6 43. Qg4+ Kh7 44. Rf5 Rxf5 45. Qxf5+ Kg7 46. a5 Rf6 47. Qg4+ Kh7 48. Rd1 Rf7 49. Qh5 Qf6 50. Rd6 Qf2+ 51. Kh1 Qf1+ 52. Kh2 Qf4+ 53. Kg1 Qf2+ 54. Kh1 Qf1+ 55. Kh2 Qf4+ 56. Kg1 Rg7 57. Qh3 Qf1+ 58. Kh2 Qf4+ 59. Kg1 c5 60. Qe6 c4 61. Qxc4 Qe3+ 62. Kf1 Qa3 63. Qd5 Qc1+ 64. Qd1 Rf7+ 65. Kg1 Qe3+ 66. Kh2 Qxe4 67. Qh5 Qf4+ 68. Kg1 Rg7 69. Re6 e4 70. Qe5 Qxe5 71. Rxe5 Rg5 72. Re7+ Kg6 73. Rxb7 Rxa5 74. Kf2 Rb5 75. Ra7 Rb6 76. Ke3 Re6 77. Rc7 Kf5 78. Rb7 Ke5 79. Rd7 Rd6 80. Re7+ Kd5 81. Rc7 Re6 82. Rc8 Re5 83. Ra8 Re6 84. Rc8 Kd6 85. g4 Kd5 86. Rc1 a5 0-1

[Event "SUI-chT"]
[Site "Switzerland"]
[Date "2019.05.05"]
[Round "4.7"]
[White "Haag, Gregor"]
[Black "Schaerer, Julian"]
[Result "1/2-1/2"]
[WhiteElo "2355"]
[BlackElo "2270"]
[PlyCount "123"]
[EventDate "2019.03.10"]
[EventType "team-tourn"]
[EventRounds "9"]
[EventCountry "SUI"]
[SourceTitle "CBM 190 Extra"]
[Source "ChessBase"]
[SourceDate "2019.07.15"]
[SourceVersion "1"]
[SourceVersionDate "2019.07.15"]
[SourceQuality "1"]
[WhiteTeam "Riehen"]
[BlackTeam "Winterthur"]
[WhiteTeamCountry "SUI"]
[BlackTeamCountry "SUI"]

1. d4 d5 2. c4 c6 3. Nf3 Nf6 4. Nc3 a6 5. Qc2 dxc4 6. e4 b5 7. b3 cxb3 8. axb3 g6 9. Bd3 Bg7 10. e5 Nd5 11. Nxd5 Qxd5 12. Be4 Qd7 13. h4 Bb7 14. Be3 f5 15. Bd3 c5 16. Qxc5 Nc6 17. h5 Rc8 18. h6 Bf8 19. d5 Nd8 20. e6 Nxe6 21. dxe6 Qxd3 22. Qd4 Qxd4 23. Bxd4 Bxf3 24. Bxh8 Bxg2 25. Rh2 Bb7 26. Kf1 Rc6 27. Re1 Bc8 28. Rh3 Bxe6 29. Bg7 Bd5 30. Rd3 Be4 31. Rd4 Rc7 32. f3 Bxf3 33. Bxf8 Kxf8 34. Rd8+ Kf7 35. Rh8 Be4 36. Rxh7+ Kf6 37. Rh8 e5 38. Rd1 Kg5 39. Ke2 Rc3 40. Rg1+ Kf4 41. h7 Rc2+ 42. Kd1 Rc7 43. Kd2 g5 44. Rxg5 Rxh7 45. Rxh7 Kxg5 46. Ra7 Bd5 47. Kc3 Kf4 48. Rxa6 e4 49. Rd6 Bf7 50. Rb6 Be8 51. Rb8 Bg6 52. Rb6 Bh5 53. Rxb5 e3 54. b4 Bf3 55. Ra5 Be4 56. b5 Kf3 57. b6 f4 58. Re5 Bc6 59. Re6 Bd5 60. Re5 Bc6 61. Re6 Bd5 62. Re5 1/2-1/2

[Event "Verbandsliga Suedbaden 1819"]
[Site "Baden"]
[Date "2019.03.31"]
[Round "8.3"]
[White "Becker, Dirk"]
[Black "Schaerer, Julian"]
[Result "1/2-1/2"]
[WhiteElo "2226"]
[BlackElo "2270"]
[PlyCount "159"]
[EventDate "2018.10.14"]
[EventType "team-tourn"]
[EventRounds "9"]
[EventCountry "GER"]
[SourceTitle "EXT 2020"]
[Source "ChessBase"]
[SourceDate "2019.10.17"]
[SourceVersion "1"]
[SourceVersionDate "2019.10.17"]
[SourceQuality "1"]
[WhiteTeam "Baden-Baden IV"]
[BlackTeam "Gottmadingen"]
[WhiteTeamCountry "GER"]
[BlackTeamCountry "GER"]

1. d4 d5 2. Bf4 c6 3. e3 Qb6 4. Qc1 Bf5 5. Nf3 e6 6. Nbd2 Nd7 7. a4 a5 8. Be2 h6 9. 0-0 Ngf6 10. c4 Be7 11. h3 0-0 12. b3 Rac8 13. Qb2 Qa7 14. Rfd1 Rfd8 15. Bh2 Bh7 16. Rac1 Bb4 17. Nb1 Ne4 18. Ne1 Be7 19. Bd3 Nb6 20. cxd5 exd5 21. Nd2 Nxd2 22. Bxh7+ Kxh7 23. Qxd2 Re8 24. Nd3 Nd7 25. Ne5 Nxe5 26. Bxe5 Qb6 27. Qd3+ Kg8 28. Rb1 Qd8 29. Qf5 Bb4 30. Rbc1 Re6 31. Bf4 Qe7 32. g4 Re8 33. Kg2 Re4 34. g5 hxg5 35. Bxg5 Qe6 36. Qxe6 R4xe6 37. Bf4 Kh7 38. Rg1 Rh8 39. Kh2 f6 40. Rg4 g5 41. Rcg1 Kg6 42. Kg2 Kf5 43. Bh2 Re4 44. f4 Rxe3 45. fxg5 Re2+ 46. Kh1 Rxh3 47. Rf4+ Kg6 48. Rxf6+ Kg7 49. Rg2 Re1+ 50. Rg1 Rh5 51. Rf3 Rxg5 52. Be5+ Kg8 53. Rxe1 Bxe1 54. Rh3 b5 55. Rh8+ Kf7 56. Rh7+ Ke6 57. Rh6+ Kf5 58. Rxc6 bxa4 59. bxa4 Ke4 60. Re6 Kd3 61. Rd6 Kc4 62. Rc6+ Kd3 63. Rd6 Rh5+ 64. Kg2 Ke4 65. Rc6 Rf5 66. Rc1 Bb4 67. Rc8 Rf3 68. Re8 Ra3 69. Bh8+ Kd3 70. Rd8 Ke4 71. Re8+ Kd3 72. Rd8 Rxa4 73. Rxd5 Bc3 74. Rh5 Rc4 75. d5 Bxh8 76. Rxh8 Rd4 77. Rd8 a4 78. d6 a3 79. Ra8 Rxd6 80. Rxa3+ 1/2-1/2

[Event "SUI-chT"]
[Site "Switzerland"]
[Date "2019.03.10"]
[Round "1.7"]
[White "Schaerer, Julian"]
[Black "Kambor, Joachim"]
[Result "1-0"]
[WhiteElo "2270"]
[BlackElo "2133"]
[PlyCount "91"]
[EventDate "2019.03.10"]
[EventType "team-tourn"]
[EventRounds "9"]
[EventCountry "SUI"]
[SourceTitle "CBM 189 Extra"]
[Source "ChessBase"]
[SourceDate "2019.05.31"]
[SourceVersion "1"]
[SourceVersionDate "2019.05.31"]
[SourceQuality "1"]
[WhiteTeam "Winterthur"]
[BlackTeam "Wollishofen"]
[WhiteTeamCountry "SUI"]
[BlackTeamCountry "SUI"]

1. d4 Nf6 2. Nf3 d5 3. Bf4 c5 4. e3 Nc6 5. Nbd2 Bf5 6. dxc5 Qa5 7. Nd4 Bd7 8. Bb5 Nxd4 9. Bxd7+ Nxd7 10. exd4 e5 11. Qe2 Be7 12. Bxe5 Nxe5 13. dxe5 0-0 14. 0-0 Qxc5 15. Nb3 Qb6 16. Rad1 Rfd8 17. Rd3 a5 18. c3 a4 19. Nd4 a3 20. b3 Rac8 21. Rfd1 g6 22. g3 Rc7 23. Qf3 Rcd7 24. Qg4 h5 25. Qe2 Rc7 26. Kg2 Rdc8 27. Qf3 Qa5 28. b4 Qa6 29. Ne2 Qe6 30. Qxd5 Qf5 31. Rf3 Qe6 32. Qxe6 fxe6 33. h4 g5 34. hxg5 Bxg5 35. Rdd3 Rf8 36. Rxf8+ Kxf8 37. Nd4 Ke7 38. f4 Bh6 39. Nb5 Rc8 40. Nd6 Rf8 41. Kh3 Bxf4 42. gxf4 Rxf4 43. c4 Rf2 44. Rxa3 Re2 45. Ra5 b6 46. Nc8+ 1-0

[Event "Verbandsliga Suedbaden 1819"]
[Site "Baden"]
[Date "2019.02.17"]
[Round "6.1"]
[White "Schaerer, Julian"]
[Black "Hommeles, Theo"]
[Result "1/2-1/2"]
[WhiteElo "2274"]
[BlackElo "2379"]
[PlyCount "60"]
[EventDate "2018.10.14"]
[EventType "team-tourn"]
[EventRounds "9"]
[EventCountry "GER"]
[SourceTitle "EXT 2020"]
[Source "ChessBase"]
[SourceDate "2019.10.17"]
[SourceVersion "1"]
[SourceVersionDate "2019.10.17"]
[SourceQuality "1"]
[WhiteTeam "Gottmadingen"]
[BlackTeam "Konstanz"]
[WhiteTeamCountry "GER"]
[BlackTeamCountry "GER"]

1. d4 g6 2. Nf3 Bg7 3. c3 d6 4. Bg5 h6 5. Bh4 Nf6 6. Nbd2 0-0 7. e4 Nc6 8. Be2 e5 9. dxe5 Nxe5 10. Nxe5 dxe5 11. 0-0 c6 12. Qc2 Qc7 13. a4 Re8 14. Nc4 Nd7 15. Rfd1 Bf8 16. b4 Nb6 17. a5 Nxc4 18. Bxc4 Be6 19. Qb3 Bxc4 20. Qxc4 b5 21. axb6 axb6 22. f3 b5 23. Qe2 Reb8 24. Rxa8 Rxa8 25. Bf2 Qc8 26. c4 Bxb4 27. cxb5 cxb5 28. Qxb5 Qc2 29. Rf1 Qb2 30. Bc5 Bxc5+ 1/2-1/2

[Event "Verbandsliga Suedbaden 1617"]
[Site "Baden"]
[Date "2016.11.20"]
[Round "3.1"]
[White "Schlindwein, Rolf"]
[Black "Schaerer, Julian"]
[Result "1-0"]
[WhiteElo "2409"]
[BlackElo "2251"]
[PlyCount "75"]
[EventDate "2016.10.09"]
[EventType "team-tourn"]
[EventRounds "9"]
[EventCountry "GER"]
[SourceTitle "EXT 2022"]
[Source "ChessBase"]
[SourceDate "2021.10.06"]
[SourceVersion "1"]
[SourceVersionDate "2021.10.06"]
[SourceQuality "1"]
[WhiteTeam "Baden Baden IV"]
[BlackTeam "Gottmadingen"]
[WhiteTeamCountry "GER"]
[BlackTeamCountry "GER"]

1. d4 d5 2. Bf4 c6 3. e3 Qb6 4. Qc1 Bf5 5. Nf3 Nf6 6. a3 Nbd7 7. c4 e6 8. c5 Qd8 9. h3 h6 10. Nc3 Be7 11. b4 Qc8 12. a4 Bd8 13. a5 a6 14. Na4 0-0 15. Nb6 Nxb6 16. axb6 Be4 17. Nd2 Re8 18. Qb2 Nd7 19. Nxe4 dxe4 20. Bc4 Nf6 21. 0-0 Nd5 22. Bg3 Bg5 23. Ra3 Qd7 24. Rfa1 Rad8 25. Bxa6 bxa6 26. Rxa6 Nxe3 27. fxe3 Bxe3+ 28. Bf2 Bf4 29. Qb3 Bb8 30. Ra7 Bxa7 31. Rxa7 Qd5 32. Qxd5 exd5 33. Bg3 e3 34. Kf1 Kh7 35. Rxf7 e2+ 36. Ke1 Re3 37. Be5 h5 38. b7 1-0

[Event "SUI-chT"]
[Site "Switzerland"]
[Date "2016.10.08"]
[Round "8.8"]
[White "Schaerer, Julian"]
[Black "Fend, Juergen"]
[Result "1/2-1/2"]
[WhiteElo "2254"]
[BlackElo "2233"]
[PlyCount "51"]
[EventDate "2016.03.20"]
[EventType "team-tourn"]
[EventRounds "9"]
[EventCountry "SUI"]
[SourceTitle "EXT 2017"]
[Source "ChessBase"]
[SourceDate "2016.10.25"]
[SourceVersion "1"]
[SourceVersionDate "2016.10.25"]
[SourceQuality "1"]
[WhiteTeam "Winterthur"]
[BlackTeam "Wollishofen"]
[WhiteTeamCountry "SUI"]
[BlackTeamCountry "SUI"]

1. e4 Nf6 2. e5 Nd5 3. d4 d6 4. Nf3 Nb6 5. Be2 dxe5 6. Nxe5 N8d7 7. Nf3 Nf6 8. 0-0 Bf5 9. c4 e6 10. Nc3 Be7 11. Qb3 0-0 12. Be3 a5 13. Rac1 a4 14. Qd1 Ne4 15. Ne5 Nxc3 16. Rxc3 h6 17. Bf3 c6 18. Qe2 Nd7 19. Nd3 Re8 20. Rd1 Qa5 21. Rcc1 Rad8 22. Bd2 Qc7 23. Be3 Qa5 24. Bd2 Qc7 25. Be3 Qa5 26. Bd2 1/2-1/2

[Event "Biel MTO op 49th"]
[Site "Biel"]
[Date "2016.07.25"]
[Round "1"]
[White "Schaerer, Julian"]
[Black "Bartel, Mateusz"]
[Result "0-1"]
[WhiteElo "2260"]
[BlackElo "2649"]
[PlyCount "86"]
[EventDate "2016.07.25"]
[EventType "swiss"]
[EventRounds "9"]
[EventCountry "SUI"]
[SourceTitle "CBM 173 Extra"]
[Source "ChessBase"]
[SourceDate "2016.08.29"]
[SourceVersion "1"]
[SourceVersionDate "2016.08.29"]
[SourceQuality "1"]

1. e4 e6 2. d4 d5 3. Nc3 Bb4 4. e5 c5 5. Bd2 Ne7 6. Nce2 Bxd2+ 7. Qxd2 b6 8. f4 Ba6 9. Nf3 Nbc6 10. c3 0-0 11. Ng3 Bxf1 12. Nxf1 f6 13. exf6 Rxf6 14. g3 Qe8 15. Ne3 Qg6 16. Qc2 Qh5 17. 0-0 h6 18. Qd1 Rc8 19. Ne5 Qxd1 20. Raxd1 Nxe5 21. dxe5 Rff8 22. Rd2 Rfd8 23. Rfd1 Kf7 24. Kg2 b5 25. g4 g6 26. Kg3 a5 27. f5 gxf5 28. gxf5 Rg8+ 29. Kh3 Rcd8 30. Rf2 exf5 31. Nxf5 Nxf5 32. Rxf5+ Ke6 33. Rf6+ Kxe5 34. Rb6 d4 35. Rxb5 d3 36. Rxc5+ Kf4 37. Rc6 Rge8 38. Rg6 d2 39. Rg2 Ke3 40. Kh4 Rd5 41. Rg3+ Ke2 42. Rdg1 Re4+ 43. Kh3 Rh5+ 0-1

[Event "SUI-chT"]
[Site "Switzerland"]
[Date "2016.04.17"]
[Round "2.8"]
[White "Schaerer, Julian"]
[Black "Berchtold, Christian"]
[Result "1-0"]
[WhiteElo "2254"]
[BlackElo "2070"]
[PlyCount "67"]
[EventDate "2016.03.20"]
[EventType "team-tourn"]
[EventRounds "9"]
[EventCountry "SUI"]
[SourceTitle "EXT 2017"]
[Source "ChessBase"]
[SourceDate "2016.10.25"]
[SourceVersion "1"]
[SourceVersionDate "2016.10.25"]
[SourceQuality "1"]
[WhiteTeam "Winterthur"]
[BlackTeam "Solothurn"]
[WhiteTeamCountry "SUI"]
[BlackTeamCountry "SUI"]

1. e4 d5 2. exd5 Qxd5 3. Nc3 Qd8 4. d4 Nf6 5. Bc4 Bg4 6. Nge2 e6 7. f3 Bf5 8. Be3 Nbd7 9. Qd2 Nb6 10. Bb3 Bb4 11. a3 Bxc3 12. Nxc3 c6 13. h4 h5 14. Bg5 Qc7 15. 0-0-0 0-0-0 16. Bf4 Qe7 17. Bg3 Ne8 18. Qf4 Nd6 19. Ne4 Bxe4 20. fxe4 Qf6 21. Qf3 Qxf3 22. gxf3 g6 23. c3 Ndc4 24. Bf4 Rd7 25. Rhe1 Re8 26. Bg5 Nd6 27. Bc2 Ndc4 28. a4 a5 29. b3 Nd6 30. c4 f6 31. Bxf6 Rf8 32. Bg5 Nf7 33. Be3 Rdd8 34. d5 1-0